Нормален изглед
MARC изглед
- Вачев, Стефан
Вход 01. Лично име
001 - Контролен номер на записа
- Контролно поле: 365694
003 - Код на организацията, даваща контролен номер
- Контролно поле: BLK
005 - Дата и час на последна промяна на записа
- Контролно поле: 20230815152228.0
008 - Данни с фиксирана дължина – обща информация
- Данни с фиксирана дължина : 180422|| aca||aabn | a|a d
100 ## - ИМЕ НА ЛИЦЕ -ПЪРВИЧНА ИНТЕЛЕКТУАЛНА ОТГОВОРНОСТ
- Лично име: Вачев, Стефан
- Дати, свързани с автора: 1914-2005
942 ## - Системна служебна употреба
- Koha auth type: PERSO_NAME